| 000 | 00550nam a22001817a 4500 | ||
|---|---|---|---|
| 005 | 20140113102806.0 | ||
| 010 | _aENG-109061 | ||
| 020 |
_a9788189331092 _c250.00 |
||
| 035 | _aEN-92594 | ||
| 037 | _bDBAD/PUB | ||
| 082 | _a808.882 | ||
| 100 | _aVerma, T.L. | ||
| 245 |
_aGems for English learners : _cby T.L. Verma _bsentences and quotations / |
||
| 260 |
_aChandigarh _bEnkay Enterprises _c2010 |
||
| 270 |
_aSCO 49-51, Basement, Sector 17C _bChandigarh _e160017 |
||
| 300 |
_a208p. _c22cm(pbk) |
||
| 942 |
_2ddc _cEN _mVER _h808.882 |
||
| 999 |
_c81766 _d81766 |
||